Language change and language contact in pidgins and creoles (Record no. 13237)
[ view plain ]
| 000 -LEADER | |
|---|---|
| fixed length control field | 01702nam a2200385 a 4500 |
| 082 04 - DEWEY DECIMAL CLASSIFICATION NUMBER | |
| Classification number | 417/.22 |
| 245 00 - TITLE STATEMENT | |
| Title | Language change and language contact in pidgins and creoles |
| 260 ## - PUBLICATION, DISTRIBUTION, ETC. (IMPRINT) | |
| Place of publication | Amsterdam ; |
| -- | Philadelphia : |
| Name of publisher | J. Benjamins, |
| Year of publication | c2000. |
| 300 ## - PHYSICAL DESCRIPTION | |
| Number of Pages | vi, 503 p. |
| 490 1# - SERIES STATEMENT | |
| Series statement | Creole language library, |
| 500 ## - GENERAL NOTE | |
| General note | Fifteen papers selected from those presented at three consecutive meetings of the Society for Pidgin and Creole Linguistics, held Jan. 1996 in San Diego, Jan. 1997 in Chicago, and June 1997 in London. |
| 650 #0 - SUBJECT ADDED ENTRY--TOPICAL TERM | |
| Topical Term | Pidgin languages |
| Topical Term | Creole dialects |
| Topical Term | Languages in contact |
| Topical Term | Linguistic change |
| 700 1# - ADDED ENTRY--PERSONAL NAME | |
| Personal name | McWhorter, John H. |
| 856 40 - ELECTRONIC LOCATION AND ACCESS | |
| Uniform Resource Identifier | http://site.ebrary.com/lib/rucke/Doc?id=10014698 |
No items available.
